Frida : vita di Frida Kahlo /

সংরক্ষণ করুন:
গ্রন্থ-পঞ্জীর বিবরন
প্রধান লেখক: Herrera, Hayden (লেখক)
অন্যান্য লেখক: Nadotti, Maria
বিন্যাস: গ্রন্থ
ভাষা:ইতালিয়
প্রকাশিত: Milano : Serra e Riva, 1991
বিষয়গুলি:
ট্যাগগুলো: ট্যাগ যুক্ত করুন
কোনো ট্যাগ নেই, প্রথমজন হিসাবে ট্যাগ করুন!

MARC

LEADER 00000nam a2200000 i 4500
001 IT\ICCU\RAV\0148564
003 ItRI
005 20260115231930.0
008 910703s1991 it |||||| ||||| |||||c
020 |a 8877980583 
040 |b ita  |c importazione bologna sebina 
041 7 |a ita  |2 ISO-639-2 
082 |a 759.972  |9 PITTURA. AMERICA CENTRALE  |2 19 
100 1 |a Herrera, Hayden  |0 IT\ICCU\CFIV\107677  |4 aut 
240 1 0 |a Frida, a biography of Frida Kahlo  |3 IT\ICCU\RAV\0148567  |9 Herrera, Hayden 
245 1 0 |a Frida :  |b vita di Frida Kahlo /  |c Hayden Herrera ; tradotto e curato da Maria Nadotti. 
260 |a Milano :  |b Serra e Riva,  |c 1991 
300 |a 314 p., \4! c. di tav. ;  |c 22 cm 
650 7 |a Kahlo, Frida 
700 1 |a Nadotti, Maria  |0 IT\ICCU\CFIV\110749 
942 |2 ddc  |c BK  |n 0 
952 |0 0  |1 0  |4 0  |6 DOC_759_972000000000000_HER  |7 0  |9 17002  |a BO  |b BO  |d 2026-01-15  |i 2928  |l 0  |o DOC 759.972 HER  |p BO2928  |r 2026-01-15 23:19:30  |w 2026-01-15  |x [Sebina 5] [1 v.]  |y BK  |z 1 v. 
999 |c 14520  |d 14520